|
|
|
|
| LEADER |
01071nam a22003012a 4500 |
| 001 |
001337138 |
| 003 |
CZ BrMZK |
| 005 |
20131017134239.0 |
| 007 |
ta |
| 008 |
131017s1966 xr a er|||||||||||cze d |
| 015 |
|
|
|a cnb000488492
|
| 035 |
|
|
|a (OCoLC)42101566
|
| 040 |
|
|
|a ABA001
|b cze
|c KLG001
|d ABA001
|d BOA001
|
| 080 |
|
|
|a 669.056.9:[621.795:679.5(022)
|
| 100 |
1 |
|
|a Wiesner, František,
|d 1893-1970
|7 mzk2002160634
|4 aut
|
| 245 |
1 |
0 |
|a Povrchová úprava hutnických výrobků :
|b povlaky z plastických hmot : výroba, zpracování a použití /
|c František Wiesner, Marcela Zezulová
|
| 250 |
|
|
|a 1. vyd.
|
| 260 |
|
|
|a Praha :
|b Státní nakladatelství technické literatury,
|c 1966
|
| 300 |
|
|
|a 119 s. :
|b il. ;
|c 8°
|
| 490 |
1 |
|
|a Hutnické aktuality ;
|v sv. 37
|
| 500 |
|
|
|a 1700 výt.
|
| 504 |
|
|
|a Obsahuje bibliografii
|
| 700 |
1 |
|
|a Zezulová, M.
|7 mzk2010473993
|4 aut
|
| 830 |
|
0 |
|a Hutnické aktuality (SNTL)
|
| 910 |
|
|
|a BOA001
|b 2-0554.342
|
| 990 |
|
|
|a BK
|
| 991 |
|
|
|b 201310
|
| 996 |
7 |
|
|b 2619027403
|c 2-0554.342
|l HP2
|r DEN
|n 0
|w 001372123
|u 000010
|a 1
|e BOA001
|j MZK50
|s A
|